Promoción de ventas
Salvato in:
| Autore principale: | |
|---|---|
| Natura: | Libro |
| Lingua: | spagnolo |
| Pubblicazione: |
Ciudad de México
Diana
1959
|
| Edizione: | 1a. ed |
| Soggetti: | |
| Tags: |
Aggiungi Tag
Nessun Tag, puoi essere il primo ad aggiungerne!!
|
MARC
| LEADER | 00000cam a2200000 a 4500 | ||
|---|---|---|---|
| 001 | UCD6831 | ||
| 003 | CL-VaPUC | ||
| 008 | 170226e19590000mx |||||||||||||||||spa|d | ||
| 082 | 0 | 4 | |a 658.53 |b SIM |2 21 |
| 100 | 0 | |a Simmons, Harry |e author |9 590669 | |
| 245 | 1 | 0 | |a Promoción de ventas |
| 250 | |a 1a. ed | ||
| 300 | |a 577 p | ||
| 942 | |c BK | ||
| 945 | |d 20170226 00:48:00 |a dcastane | ||
| 260 | |a Ciudad de México |b Diana |c 1959 | ||
| 650 | 0 | |a Análisis de mercado |9 260838 | |
| 650 | 0 | |a Marketing |9 259324 | |
| 650 | 0 | |a Promoción de ventas |9 307011 | |
| 650 | 7 | |a MERCADOTECNIA |2 CL-VaPUC |9 347996 | |
| 583 | |a last modification |c 20170226 00:48:00 |k Rodrigo Vera | ||
| 999 | |c 367009 |d 367007 | ||
| 952 | |0 0 |1 0 |3 erb |4 0 |6 658_530000000000000_SIM_1959 |7 0 |8 A |9 481687 |a BIBENE |b BIBENE |i 5327695 |o 658.53 SIM 1959 |p 5327695 |r 2025-01-15 |w 2019-11-24 |y BK |z Catalogado en:20170226 |k ICO | ||